Indian State Capitals - Sudden Death - Statistics

General Stats
  • This quiz has been taken 271 times
  • The average score is 8 of 27
Answers on the Grid
Answers color-coded by a green-red scale on the quiz's grid according to % correct below.
Agartala
Agra
Ahmedabad
Aizawl
Amaravati
Amritsar
Bengaluru
Bhilai
Bhopal
Bhubaneswar
Chandigarh
Chennai
Coimbatore
Cuttack
Darjeeling
Dehradun
Delhi
Dispur
Gandhinagar
Gangtok
Guwahati
Hyderabad
Imphal
Indore
Itanagar
Jabalpur
Jaipur
Jamshedpur
Jodhpur
Kanpur
Kochi
Kohima
Kolkata
Kozhikode
Lucknow
Ludhiana
Madurai
Meerut
Mumbai
Mysuru
Nagpur
Panaji
Patna
Prayagraj
Pune
Raipur
Rajkot
Ranchi
Shimla
Shillong
Silchar
Siliguri
Surat
Thiruvananthapuram
Tiruchirappalli
Udaipur
Vadodara
Varanasi
Vijayawada
Visakhapatnam
 
Answer Stats
Answer % Correct
Agartala
73%
Bhopal
56%
Amaravati
55%
Chennai
48%
Bengaluru
46%
Chandigarh
45%
Aizawl
40%
Bhubaneswar
39%
Dehradun
34%
Mumbai
27%
Hyderabad
25%
Lucknow
25%
Gandhinagar
22%
Gangtok
22%
Kolkata
22%
Patna
22%
Thiruvananthapuram
22%
Shimla
21%
Dispur
20%
Jaipur
20%
Itanagar
19%
Shillong
19%
Raipur
18%
Ranchi
18%
Kohima
16%
Panaji
16%
Imphal
15%
No matching quizzes found
Score Distribution
Percent of People with Each Score
Percentile by Number Answered
Your Score History
You have not taken this quiz